| 000 | 00890 a2200253 4500 | ||
|---|---|---|---|
| 020 | _a007112313X | ||
| 020 | _a9780071123136 | ||
| 090 |
_c277 _d277 |
||
| 100 | 1 | _aChaudhury, Abhijit. | |
| 245 | 1 | 0 |
_aE-business and E-commerce infrastructure : _btechnologies supporting the E-business initiative / _cAbhijit Chaudhury. |
| 260 |
_a[S.l.] : _bUnknown, _c2001. |
||
| 300 |
_a463 p. ; _c23 cm. |
||
| 500 | _aImport. | ||
| 500 | _aPaperback. | ||
| 650 | 4 | _aBusiness & Management. | |
| 650 | 4 | _aDistributive industries. | |
| 650 | 4 | _aEconomics. | |
| 650 | 4 | _aInternet. | |
| 650 | 4 | _aBusiness & Economics / E-Commerce / General. | |
| 650 | 4 | _aTrade & Commerce. | |
| 856 | 4 | 0 |
_3Amazon.com _uhttp://www.amazon.com/exec/obidos/ASIN/007112313X/chopaconline-20 |
| 856 | 4 | 0 |
_3Amazon customer reviews _uhttp://www.chopac.org/cgi-bin/tools/azrev.pl?q=007112313X |
| 942 |
_aNBS _cBK _k658.84 CHA |
||
| 999 |
_c342847 _d342847 |
||